000 00458nam a22001817a 4500
008 171221b xxu||||| |||| 00| | tur d
020 _a9786051114811
041 _atur
050 _aPL248.M26
100 _aMağden, Perihan
_9700
245 _aAli İle Ramazan
250 _a1. Baskı
260 _aİstanbul
_bDoğan Kitap
_cŞubat 2010
300 _a162 Sayfa
500 _aTürkçe Edebiyat: 23
650 0 _9145
_aTürk Edebiyatı
942 _2lcc
_cBK
999 _c2507
_d2464